L'Hospitalet d'avui a demà : una proposta per ordenar i millorar la ciutat / Ajuntament de l'Hospitalet de Llobregat, Àrea d'Urbanisme una proposta per ordenar i millorar la ciutat / Ajuntament de l'Hospitalet de Llobregat, Àrea d'Urbanisme
Descripción Física:
137 p. : il. col., plànols ; 23 x 33 cm
MARC
| LEADER | 00000nam a2200000Ia 4500 | ||
|---|---|---|---|
| 001 | 15960 | ||
| 008 | 160829s9999 xx 000 0 cat d | ||
| 080 | |a FOL-2-66 | ||
| 245 | |a L'Hospitalet d'avui a demà : |b una proposta per ordenar i millorar la ciutat / Ajuntament de l'Hospitalet de Llobregat, Àrea d'Urbanisme | ||
| 260 | |a L'Hospitalet de Llobregat : |b l'Ajuntament, Àrea d'Urbanisme1987 | ||
| 300 | |a 137 p. : |b il. col., plànols ; |c 23 x 33 cm | ||
| 590 | |a Prové de A-831, exp. 4 | ||
| 650 | |a Urbanisme |9 30914 | ||
| 651 | 0 | |a Hospitalet de Llobregat, L' (Catalunya) |9 57327 | |
| 710 | 1 | |a Hospitalet de Llobregat (Catalunya). |b Àrea d'Urbanisme |9 55530 | |
| 901 | |a Arxiu | ||
| 942 | |n 1 | ||
| 952 | |0 0 |1 0 |4 0 |6 FOL266 |7 1 |9 50895 |a Arxiu |b Arxiu |d 2016-12-01 |l 0 |o FOL-2-66 |p 15960 |r 2016-12-01 00:00:00 |w 2016-12-01 |y ARXIU | ||
| 999 | |c 54737 |d 54737 | ||